[Event "21st PKWN Festival it"]
[Site "Naleczow POL"]
[Date "1985.07.23"]
[Round "10"]
[White "Dejkalo, Stefan"]
[Black "Adamski, Jan"]
[Result "1-0"]
[WhiteElo "2325"]
[BlackElo "2450"]
[EventDate "1985.07.15"]
[PlyCount "117"]

1.c4 c5 2.Nf3 Nf6 3.d4 cxd4 4.Nxd4 e6 5.Nc3 Bb4 6.g3 Ne4 7.Qd3 Qa5 8.Nc2 
Bxc3+ 9.bxc3 Nc5 10.Qe3 b6 11.Bg2 Bb7 12.Bxb7 Nxb7 13.a4 Nc6 14.O-O Qe5 
15.Qf3 Nc5 16.Nd4 Qe4 17.Nxc6 Qxf3 18.exf3 dxc6 19.Be3 Nd7 20.a5 Ke7 21.f4
c5 22.Ra2 Rhb8 23.Rd1 f5 24.Kf1 Rc8 25.Ke2 Rab8 26.axb6 axb6 27.Ra7 Rd8 
28.f3 Rbc8 29.g4 Ke8 30.Rd6 Nf8 31.Rxb6 Rd7 32.Rxd7 Kxd7 33.Rb7+ Rc7 34.
Rxc7+ Kxc7 35.Bxc5 Nd7 36.Bd4 g6 37.Kf2 Kd8 38.Kg3 Nb8 39.Kh4 Ke7 40.Kg5 
Kf7 41.h4 Nc6 42.c5 Nd8 43.Be5 Nc6 44.Kh6 Kg8 45.h5 gxh5 46.Kxh5 fxg4 47.
fxg4 Kf7 48.Kh6 Kg8 49.Kg5 Kf7 50.Kh6 Kg8 51.Bd6 Nd8 52.g5 Nf7+ 53.Kh5 Nd8
54.g6 Kg7 55.Be5+ Kg8 56.Kh6 hxg6 57.Kxg6 Kf8 58.Kf6 Ke8 59.Bc7 1-0

[Event "21st PKWN Festival it"]
[Site "Naleczow POL"]
[Date "1985.07.23"]
[Round "10"]
[White "Smagin, Sergei"]
[Black "Dobosz, Henryk"]
[Result "1-0"]
[WhiteElo "2405"]
[BlackElo "2380"]
[EventDate "1985.07.15"]
[PlyCount "103"]

1.e4 e6 2.d4 d5 3.Nd2 c5 4.exd5 Qxd5 5.Ngf3 cxd4 6.Bc4 Qd6 7.O-O Nf6 8.Nb3
Nc6 9.Nbxd4 Nxd4 10.Nxd4 a6 11.Bb3 Bd7 12.Re1 Qc7 13.Bg5 Bc5 14.c3 O-O-O 
15.Qf3 Bc6 16.Nxc6 Qxc6 17.Qxc6+ bxc6 18.Rad1 h6 19.Bf4 Ng4 20.Re2 Rxd1+ 
21.Bxd1 Rd8 22.Ba4 Bd6 23.Bd2 Bxh2+ 24.Kf1 Bc7 25.Bxc6 Bb6 26.f3 Ne5 27.
Ba4 g5 28.Bxg5 hxg5 29.Rxe5 Rd2 30.Re2 Rd5 31.Bb3 Rd8 32.Re5 Rd2 33.Re2 
Rd8 34.Ke1 Bc7 35.Rd2 Rh8 36.Bc4 a5 37.Kd1 Bf4 38.Re2 Rh1+ 39.Kc2 Kc7 40.
Kb3 Rh8 41.Ka4 Kb6 42.a3 Kc5 43.Bb5 Ra8 44.Re4 Bc1 45.b3 Bb2 46.Rc4+ Kd6 
47.Rd4+ Ke5 48.Rd3 Kf4 49.c4 e5 50.Rd7 f6 51.Bc6 Rb8 52.Bb7 1-0

[Event "21st PKWN Festival it"]
[Site "Naleczow POL"]
[Date "1985.07.24"]
[Round "11"]
[White "Dobosz, Henryk"]
[Black "Dybowski, Jerzy"]
[Result "1/2-1/2"]
[WhiteElo "2380"]
[BlackElo "2275"]
[EventDate "1985.07.15"]
[PlyCount "39"]

1.d4 f5 2.g3 Nf6 3.Bg2 g6 4.Nf3 Bg7 5.O-O O-O 6.c4 d6 7.Nc3 c6 8.d5 e5 9.
dxe6 Bxe6 10.Qd3 Na6 11.Ng5 Qe7 12.Bf4 Rad8 13.Rad1 Nh5 14.Nd5 Bxd5 15.
cxd5 Nxf4 16.gxf4 h6 17.Ne6 Nc5 18.Nxc5 dxc5 19.Qb3 cxd5 20.Bxd5+ 1/2-1/2

[Event "21st PKWN Festival it"]
[Site "Naleczow POL"]
[Date "1985.07.24"]
[Round "11"]
[White "Przewoznik, Jan"]
[Black "Dejkalo, Stefan"]
[Result "0-1"]
[WhiteElo "2405"]
[BlackElo "2325"]
[EventDate "1985.07.15"]
[PlyCount "174"]

1.e4 c5 2.Nf3 e6 3.d4 cxd4 4.Nxd4 a6 5.Bd3 Nf6 6.c4 Nc6 7.Nxc6 dxc6 8.O-O 
e5 9.Nc3 Bc5 10.Na4 Bd4 11.c5 Be6 12.Qc2 Nd7 13.Be3 Bxe3 14.fxe3 Qh4 15.
Bc4 Bxc4 16.Qxc4 Nf6 17.Nc3 O-O 18.h3 Rad8 19.Rad1 h6 20.a4 Qg3 21.Qe2 a5 
22.Rd3 Nh7 23.Rxd8 Rxd8 24.Rd1 Rxd1+ 25.Nxd1 Ng5 26.Nf2 Ne6 27.Nd3 Qh4 28.
Nxe5 Qxe4 29.Nc4 Nxc5 30.Nxa5 b6 31.Nc4 Nxa4 32.b3 Nc5 33.Nxb6 Qb1+ 34.Kh2
Qxb3 35.Nc4 Qb8+ 36.Kg1 Qb1+ 37.Kh2 Qe4 38.Qf1 f6 39.Na5 Ne6 40.Qa6 Qe5+ 
41.Kh1 c5 42.Qa8+ Nf8 43.Nc4 Qe6 44.Qa4 Nd7 45.Kg1 Kh8 46.Kf2 f5 47.Qb5 
Qd5 48.Qa6 Kh7 49.Kg1 Ne5 50.Nxe5 Qxe5 51.Qd3 Qe4 52.Qc3 c4 53.Kf2 f4 54.
exf4 Qxf4+ 55.Ke2 Qe4+ 56.Kf2 Kg6 57.Qg3+ Kf7 58.Qc3 Qf5+ 59.Ke3 Qg5+ 60.
Kd4 Qxg2 61.Qxc4+ Kf6 62.Qg8 Qxh3 63.Qf8+ Kg6 64.Qe8+ Kg5 65.Qe7+ Kh5 66.
Qe5+ Kh4 67.Qe7+ Kg3 68.Qe3+ Kh4 69.Qe7+ g5 70.Qe1+ Qg3 71.Qh1+ Qh3 72.
Qe1+ Kg4 73.Qe6+ Kg3 74.Qe3+ Kh2 75.Qe2+ Kg1 76.Kc5 Qf5+ 77.Kc6 Qg6+ 78.
Kb7 h5 79.Qf3 g4 80.Qd1+ Kf2 81.Qd2+ Kf3 82.Qd1+ Kf4 83.Qd2+ Kf5 84.Qd5+ 
Kf6 85.Qd6+ Kg7 86.Qg3 Qe4+ 87.Kb8 Qd5 0-1

[Event "21st PKWN Festival it"]
[Site "Naleczow POL"]
[Date "1985.07.24"]
[Round "11"]
[White "Ksieski, Zbigniew"]
[Black "Gesos, Pavlos"]
[Result "1/2-1/2"]
[WhiteElo "2380"]
[BlackElo "2405"]
[EventDate "1985.07.15"]
[PlyCount "89"]

1.d4 Nf6 2.c4 e6 3.Nc3 c5 4.d5 exd5 5.cxd5 d6 6.e4 g6 7.f3 Bg7 8.Bg5 a6 9.
a4 h6 10.Be3 O-O 11.Qd2 Re8 12.Nge2 Kh7 13.Ng3 Nbd7 14.Be2 Rb8 15.O-O Qc7 
16.Rfc1 Ne5 17.a5 b5 18.axb6 Rxb6 19.Nd1 Qb8 20.Rc3 Re7 21.Rca3 Ra7 22.h3 
Ne8 23.R1a2 Nc7 24.f4 Nd7 25.Bc4 Nb5 26.Rb3 Nd4 27.Rxb6 Nxb6 28.Bf1 Bxh3 
29.b4 Bd7 30.bxc5 dxc5 31.Rxa6 Rxa6 32.Bxa6 f5 33.Ne2 Qa7 34.Nxd4 cxd4 35.
Bxd4 Bxd4+ 36.Qxd4 Qxa6 37.Qf6 fxe4 38.Qf7+ Kh8 39.Qxg6 Qa1 40.Qxh6+ Kg8 
41.Qg6+ Kf8 42.Qh6+ Ke7 43.d6+ Kf7 44.Qh7+ Kf8 45.Qe7+ 1/2-1/2

[Event "21st PKWN Festival it"]
[Site "Naleczow POL"]
[Date "1985.07.24"]
[Round "11"]
[White "Hawelko, Marek"]
[Black "Blatny, Pavel"]
[Result "1-0"]
[WhiteElo "2420"]
[BlackElo "2395"]
[EventDate "1985.07.15"]
[PlyCount "79"]

1.e4 e5 2.Nf3 Nc6 3.Bb5 a6 4.Ba4 Nf6 5.O-O Be7 6.Re1 b5 7.Bb3 O-O 8.c3 d6 
9.h3 Re8 10.d4 h6 11.Nbd2 Bf8 12.Nf1 Bb7 13.Ng3 Na5 14.Bc2 c5 15.d5 g6 16.
b3 Bc8 17.Nh2 Bg7 18.Be3 Qe7 19.Qd2 Qf8 20.Rf1 Nh7 21.Rae1 h5 22.f4 Bh6 
23.Nf3 Nb7 24.f5 Bxe3+ 25.Qxe3 Qg7 26.Rf2 gxf5 27.Nxf5 Bxf5 28.exf5 Nf6 
29.Nd2 Kf8 30.Ne4 Ke7 31.a4 Nxe4 32.Bxe4 f6 33.axb5 axb5 34.Bd3 Ra3 35.
Bxb5 Rg8 36.Ba4 Na5 37.Qc1 Rxa4 38.bxa4 Rb8 39.Rb2 Nb3 40.Qe3 1-0

[Event "21st PKWN Festival it"]
[Site "Naleczow POL"]
[Date "1985.07.25"]
[Round "12"]
[White "Dybowski, Jerzy"]
[Black "Blatny, Pavel"]
[Result "1-0"]
[WhiteElo "2275"]
[BlackElo "2395"]
[EventDate "1985.07.15"]
[PlyCount "73"]

1.d4 Nf6 2.c4 e6 3.Nf3 d5 4.Bg5 Bb4+ 5.Nbd2 h6 6.Bxf6 Qxf6 7.Qa4+ Nc6 8.e3
Bd7 9.Qb3 O-O 10.Be2 dxc4 11.Qxc4 Rad8 12.O-O Be7 13.Rac1 g5 14.Ne4 Qg7 
15.Nc5 Bc8 16.Qb5 Rd5 17.Qb3 g4 18.Ne1 Qg5 19.Ned3 Bd6 20.g3 Bxc5 21.Rxc5 
Rxc5 22.Nxc5 b6 23.Ne4 Qg6 24.Bd3 f5 25.Nc3 Kh8 26.Bb5 Nd8 27.Ne2 Bb7 28.
Nf4 Qf6 29.Qa3 Rg8 30.Qxa7 e5 31.dxe5 Qxe5 32.Qa4 Nf7 33.Bc6 Bc8 34.Bd5 
Ng5 35.Qc6 Rg7 36.Qxh6+ Nh7 37.Rd1 1-0

[Event "21st PKWN Festival it"]
[Site "Naleczow POL"]
[Date "1985.07.25"]
[Round "12"]
[White "Gesos, Pavlos"]
[Black "Redzepagic, Rolando"]
[Result "1-0"]
[WhiteElo "2405"]
[BlackElo "2345"]
[EventDate "1985.07.15"]
[PlyCount "97"]

1.e4 d6 2.d4 Nf6 3.Nc3 g6 4.Be3 c6 5.a4 a5 6.Qd2 Nbd7 7.Be2 e5 8.Nf3 Qe7 
9.O-O Bg7 10.Rae1 O-O 11.Bg5 Re8 12.Bc4 Qf8 13.h3 h6 14.Be3 Kh7 15.dxe5 
dxe5 16.Rd1 Qe7 17.Rfe1 Bf8 18.Qc1 Ng8 19.Nd2 Qf6 20.Nb3 Bb4 21.Rd3 Qg7 
22.Red1 Ngf6 23.Na2 Be7 24.f3 Qf8 25.Kh2 b6 26.Qd2 Rb8 27.Nc3 Bb4 28.Qf2 
Kg7 29.Qh4 g5 30.Qf2 Kg6 31.g4 Be7 32.h4 Bb4 33.Kg2 Qg7 34.Qd2 b5 35.hxg5 
bxc4 36.gxf6 Nxf6 37.Rh1 Ng8 38.Rd8 Be6 39.Rxe8 Rxe8 40.Nc5 Bc8 41.Qe2 
Bxc5 42.Bxc5 Kh7 43.Qxc4 Bxg4 44.fxg4 Qxg4+ 45.Kf2 Re6 46.Qe2 Rf6+ 47.Ke1 
Rf3 48.Rf1 Qg3+ 49.Kd1 1-0

[Event "21st PKWN Festival it"]
[Site "Naleczow POL"]
[Date "1985.07.25"]
[Round "12"]
[White "Staniszewski, Piotr"]
[Black "Ksieski, Zbigniew"]
[Result "1/2-1/2"]
[WhiteElo "2380"]
[BlackElo "2380"]
[EventDate "1985.07.15"]
[PlyCount "37"]

1.e4 c5 2.Nf3 e6 3.d4 cxd4 4.Nxd4 Nc6 5.Nb5 d6 6.c4 Nf6 7.N1c3 a6 8.Na3 
Be7 9.Be2 O-O 10.O-O b6 11.Be3 Bb7 12.Qb3 Nd7 13.Rfd1 Ra7 14.Rac1 Ba8 15.
Rd2 Qb8 16.Qd1 Rd8 17.f3 Nf6 18.Kh1 Nb4 19.Qg1 1/2-1/2

[Event "21st PKWN Festival it"]
[Site "Naleczow POL"]
[Date "1985.07.25"]
[Round "12"]
[White "Dejkalo, Stefan"]
[Black "Tomaszewski, Roman"]
[Result "1-0"]
[WhiteElo "2325"]
[BlackElo "2410"]
[EventDate "1985.07.15"]
[PlyCount "81"]

1.c4 Nf6 2.Nc3 d5 3.d4 g6 4.Nf3 Bg7 5.Bg5 Ne4 6.cxd5 Nxc3 7.bxc3 Qxd5 8.e3
c5 9.Be2 cxd4 10.cxd4 Nc6 11.O-O O-O 12.Bh4 Bf5 13.Nd2 Rac8 14.Bf3 Qd7 15.
Nb3 Qe8 16.Rc1 e5 17.e4 Bd7 18.d5 Nd4 19.Nxd4 exd4 20.Rxc8 Qxc8 21.Qb3 a6 
22.Be2 Re8 23.Bd3 b5 24.f4 Qc5 25.e5 Bh6 26.Bf6 Bc8 27.h4 Bg7 28.Bxg7 Kxg7
29.Kh2 Bb7 30.d6 Qd5 31.Qb2 Bc8 32.Re1 Qc5 33.Qf2 Qb4 34.Qg3 Bd7 35.f5 Rd8
36.Re2 Qc5 37.h5 Be8 38.Qg5 f6 39.Qxf6+ Kg8 40.Qxd8 Qc1 41.Qxe8+ 1-0

[Event "21st PKWN Festival it"]
[Site "Naleczow POL"]
[Date "1985.07.26"]
[Round "13"]
[White "Przewoznik, Jan"]
[Black "Dobosz, Henryk"]
[Result "1/2-1/2"]
[WhiteElo "2405"]
[BlackElo "2380"]
[EventDate "1985.07.15"]
[PlyCount "29"]

1.e4 e5 2.Nf3 Nc6 3.Bb5 a6 4.Bxc6 dxc6 5.Nxe5 Qg5 6.d4 Qxg2 7.Qf3 Qxf3 8.
Nxf3 Nf6 9.Nbd2 g6 10.e5 Nd5 11.c3 c5 12.dxc5 Bxc5 13.Ne4 Be7 14.Bg5 Bh3 
15.Rg1 1/2-1/2

[Event "21st PKWN Festival it"]
[Site "Naleczow POL"]
[Date "1985.07.26"]
[Round "13"]
[White "Ksieski, Zbigniew"]
[Black "Dejkalo, Stefan"]
[Result "1-0"]
[WhiteElo "2380"]
[BlackElo "2325"]
[EventDate "1985.07.15"]
[PlyCount "73"]

1.Nf3 Nf6 2.c4 e6 3.g3 b6 4.Bg2 Bb7 5.O-O Be7 6.d4 O-O 7.d5 exd5 8.Nh4 c6 
9.cxd5 Nxd5 10.Nf5 Nc7 11.Nc3 Nba6 12.Bf4 d5 13.e4 Re8 14.Qg4 g6 15.Nh6+ 
Kg7 16.Qf3 f6 17.Rad1 d4 18.e5 Rb8 19.Qg4 Bc8 20.Qf3 c5 21.Ne4 f5 22.Nd6 
Rf8 23.Nxc8 Rxc8 24.h4 Ne6 25.Bc1 Nb4 26.g4 fxg4 27.Qxg4 Nxa2 28.Bd2 Nc7 
29.f4 Kh8 30.f5 gxf5 31.Rxf5 Rxf5 32.Qxf5 Qf8 33.Nf7+ Kg8 34.Qg4+ Qg7 35.
Qxc8+ Kxf7 36.Rf1+ Kg6 37.Qg4+ 1-0

[Event "21st PKWN Festival it"]
[Site "Naleczow POL"]
[Date "1985.07.26"]
[Round "13"]
[White "Ionescu, Constantin"]
[Black "Gesos, Pavlos"]
[Result "1/2-1/2"]
[WhiteElo "2420"]
[BlackElo "2405"]
[EventDate "1985.07.15"]
[PlyCount "93"]

1.d4 Nf6 2.c4 g6 3.Nc3 Bg7 4.e4 d6 5.f3 c6 6.Be3 a6 7.c5 dxc5 8.dxc5 Qxd1+
9.Rxd1 O-O 10.Bc4 Nbd7 11.Nge2 e5 12.Nc1 Re8 13.Na4 Rb8 14.Nb3 Nf8 15.Ke2 
Be6 16.Nb6 Bxc4+ 17.Nxc4 Ne6 18.Nxe5 Rbd8 19.Nc4 Bf8 20.Nd6 Re7 21.Na5 Rb8
22.Rd3 Ne8 23.Rb3 Nxd6 24.cxd6 Rd7 25.Rd1 Rxd6 26.Nxb7 Rxd1 27.Kxd1 Bg7 
28.Kc2 Bd4 29.Kd3 c5 30.Na5 Rxb3+ 31.axb3 Bxb2 32.Nb7 Bd4 33.Bxd4 cxd4 34.
g3 f5 35.f4 fxe4+ 36.Kxe4 Kf7 37.b4 Ke7 38.g4 d3 39.Kxd3 Nxf4+ 40.Ke4 Ne6 
41.Kd5 Kd7 42.Na5 Nd8 43.Nc4 Nc6 44.Kc5 Kc7 45.h3 Nd8 46.Kd5 Nc6 47.Kc5 
1/2-1/2

[Event "21st PKWN Festival it"]
[Site "Naleczow POL"]
[Date "1985.07.26"]
[Round "13"]
[White "Blatny, Pavel"]
[Black "Lukacs, Peter"]
[Result "1/2-1/2"]
[WhiteElo "2395"]
[BlackElo "2470"]
[EventDate "1985.07.15"]
[PlyCount "29"]

1.e4 e5 2.Nf3 Nc6 3.Bb5 a6 4.Ba4 Nf6 5.d4 exd4 6.O-O Be7 7.Re1 b5 8.e5 
Nxe5 9.Rxe5 d6 10.Re1 bxa4 11.Nxd4 Bd7 12.Qf3 O-O 13.Nc6 Bxc6 14.Qxc6 Nd7 
15.Nc3 1/2-1/2

[Event "21st PKWN Festival it"]
[Site "Naleczow POL"]
[Date "1985.07.27"]
[Round "14"]
[White "Gesos, Pavlos"]
[Black "Hawelko, Marek"]
[Result "0-1"]
[WhiteElo "2405"]
[BlackElo "2420"]
[EventDate "1985.07.15"]
[PlyCount "82"]

1.e4 c5 2.Nf3 d6 3.d4 cxd4 4.Nxd4 Nf6 5.Nc3 g6 6.Be2 Bg7 7.O-O O-O 8.Bg5 
Nc6 9.Nb3 a6 10.Re1 b5 11.Bf1 Nd7 12.Qd2 b4 13.Na4 Nb6 14.Nxb6 Qxb6 15.Be3
Qc7 16.Nd4 a5 17.c3 bxc3 18.Qxc3 Bd7 19.Bb5 Rfc8 20.Bxc6 Bxc6 21.Qxc6 Qxc6
22.Nxc6 Rxc6 23.Rac1 Rxc1 24.Bxc1 Rc8 25.Bg5 f6 26.Bd2 Rc2 27.Bc3 f5 28.
Bxg7 Kxg7 29.exf5 gxf5 30.g4 Kf7 31.b3 fxg4 32.a3 Rb2 33.Re3 Kf6 34.Kg2 d5
35.Kg3 d4 36.Re4 e5 37.h3 gxh3 38.f4 Rxb3+ 39.Kh2 Rxa3 40.fxe5+ Ke6 41.
Rxd4 Kxe5 0-1

[Event "21st PKWN Festival it"]
[Site "Naleczow POL"]
[Date "1985.07.27"]
[Round "14"]
[White "Dejkalo, Stefan"]
[Black "Redzepagic, Rolando"]
[Result "1-0"]
[WhiteElo "2325"]
[BlackElo "2345"]
[EventDate "1985.07.15"]
[PlyCount "83"]

1.c4 c5 2.g3 Nf6 3.Bg2 e6 4.Nf3 Nc6 5.O-O d5 6.cxd5 exd5 7.d4 Be7 8.dxc5 
Bxc5 9.Bg5 O-O 10.Nc3 d4 11.Bxf6 Qxf6 12.Nd5 Qd8 13.Nd2 Be6 14.Nf4 Qd7 15.
Rc1 Bb6 16.Bxc6 bxc6 17.Nxe6 Qxe6 18.Nc4 Rad8 19.Qd3 Rfe8 20.Rc2 Rd5 21.
Rfc1 Bd8 22.Re1 Qh3 23.Qf3 d3 24.Rd2 Rh5 25.Qg2 Qe6 26.b3 Rd5 27.Qf3 Qd7 
28.Rf1 dxe2 29.Rxe2 Bf6 30.Rfe1 Rf8 31.Ne3 Rd2 32.Rxd2 Qxd2 33.Re2 Qd7 34.
Rc2 Rc8 35.Kg2 c5 36.Qd5 Qxd5+ 37.Nxd5 Bd8 38.Kf3 Kf8 39.Ke4 Bb6 40.Kd3 
Re8 41.Kc4 Re6 42.Kb5 1-0

[Event "21st PKWN Festival it"]
[Site "Naleczow POL"]
[Date "1985.07.27"]
[Round "14"]
[White "Smagin, Sergei"]
[Black "Ksieski, Zbigniew"]
[Result "1/2-1/2"]
[WhiteElo "2405"]
[BlackElo "2380"]
[EventDate "1985.07.15"]
[PlyCount "55"]

1.e4 c5 2.c3 d5 3.exd5 Qxd5 4.d4 e6 5.Nf3 Nf6 6.Na3 Qd8 7.Nc2 Be7 8.Bd3 b6
9.Bf4 O-O 10.Qe2 Bb7 11.O-O-O Nbd7 12.h4 b5 13.Bxb5 Qa5 14.Kb1 Bxf3 15.
gxf3 Nd5 16.Bd2 Rab8 17.c4 Qb6 18.dxc5 Nxc5 19.cxd5 Qxb5 20.Qxb5 Rxb5 21.
Nd4 Rb7 22.Be3 Na4 23.Nb3 Bf6 24.Bd4 e5 25.Be3 Rd8 26.Rd2 Rbd7 27.Rc1 h5 
28.Rc6 1/2-1/2

[Event "21st PKWN Festival it"]
[Site "Naleczow POL"]
[Date "1985.07.27"]
[Round "14"]
[White "Dobosz, Henryk"]
[Black "Tomaszewski, Roman"]
[Result "1-0"]
[WhiteElo "2380"]
[BlackElo "2410"]
[EventDate "1985.07.15"]
[PlyCount "39"]

1.d4 d5 2.c4 dxc4 3.e3 Nf6 4.Bxc4 e6 5.Nf3 c5 6.O-O a6 7.Qe2 b5 8.Bd3 cxd4
9.exd4 Bb7 10.a4 b4 11.Nbd2 Nbd7 12.Nc4 Nd5 13.Ng5 N7f6 14.Ne5 Rg8 15.
Nexf7 Qd7 16.Bf5 Be7 17.Bxe6 Qc6 18.Ne5 Nc3 19.Bf7+ Kf8 20.Qf3 1-0

[Event "21st PKWN Festival it"]
[Site "Naleczow POL"]
[Date "1985.07.28"]
[Round "15"]
[White "Przewoznik, Jan"]
[Black "Dybowski, Jerzy"]
[Result "1-0"]
[WhiteElo "2405"]
[BlackElo "2275"]
[EventDate "1985.07.15"]
[PlyCount "99"]

1.e4 c5 2.b3 d6 3.Bb2 e5 4.Nc3 Nf6 5.Bb5+ Bd7 6.Qe2 g6 7.f4 a6 8.Bxd7+ 
Nbxd7 9.fxe5 dxe5 10.Nf3 Bg7 11.O-O O-O 12.d3 Qc7 13.Qf2 Rae8 14.Qh4 Nh5 
15.Rae1 Qd6 16.Bc1 Nb8 17.g4 Nf4 18.Bxf4 exf4 19.Nd5 f6 20.Nd2 g5 21.Qh5 
Nc6 22.Nc4 Qd7 23.Ncb6 Qf7 24.Qh3 Rd8 25.Qg2 Rfe8 26.h3 Bf8 27.Qd2 Bd6 28.
Kg2 Ne7 29.Nxe7+ Qxe7 30.Nd5 Qf7 31.h4 h6 32.Rh1 Be5 33.hxg5 hxg5 34.Rh5 
Kg7 35.Reh1 Rh8 36.Rxh8 Rxh8 37.Rxh8 Kxh8 38.Qa5 Qe6 39.Qd8+ Kg7 40.Kf3 
Bd6 41.a4 Bf8 42.Qc7+ Qf7 43.Qc8 Bd6 44.Qd8 Bf8 45.e5 Qe6 46.Qxf6+ Qxf6 
47.Nxf6 Kf7 48.Ne4 Be7 49.Nd2 Ke6 50.Ke4 1-0

[Event "21st PKWN Festival it"]
[Site "Naleczow POL"]
[Date "1985.07.28"]
[Round "15"]
[White "Redzepagic, Rolando"]
[Black "Smagin, Sergei"]
[Result "1/2-1/2"]
[WhiteElo "2345"]
[BlackElo "2405"]
[EventDate "1985.07.15"]
[PlyCount "100"]

1.d4 Nf6 2.c4 e6 3.Nf3 d5 4.Nc3 c6 5.Bg5 Nbd7 6.e3 Qa5 7.Nd2 dxc4 8.Bxf6 
Nxf6 9.Nxc4 Qc7 10.Be2 Bd7 11.Rc1 c5 12.O-O cxd4 13.Qxd4 Bc5 14.Qe5 Rc8 
15.Rfd1 O-O 16.Bf3 Bb4 17.Ne4 Qxe5 18.Nxe5 Rxc1 19.Rxc1 Rc8 20.Rxc8+ Bxc8 
21.Ng5 Bd6 22.Ngxf7 Bc7 23.Bd1 h6 24.Bb3 Nd5 25.e4 Nf6 26.f3 Kf8 27.Nh8 
Bb6+ 28.Kf1 Bd4 29.Nhg6+ Ke8 30.Nd3 b6 31.Bc4 Nd7 32.Bb5 Kd8 33.b4 Nb8 34.
Nge5 Kc7 35.h4 a6 36.Bc4 Kd6 37.Ng6 e5 38.h5 Nc6 39.Bd5 Ne7 40.Nxe7 Kxe7 
41.Bc4 Kf6 42.g4 Kg5 43.Kg2 a5 44.b5 Bd7 45.a4 Be8 46.Kg3 g6 47.hxg6 Bxg6 
48.Nc1 Bc3 49.Nd3 h5 50.gxh5 Bxh5 1/2-1/2

[Event "21st PKWN Festival it"]
[Site "Naleczow POL"]
[Date "1985.07.28"]
[Round "15"]
[White "Ionescu, Constantin"]
[Black "Dejkalo, Stefan"]
[Result "1-0"]
[WhiteElo "2420"]
[BlackElo "2325"]
[EventDate "1985.07.15"]
[PlyCount "113"]

1.d4 e6 2.c4 Bb4+ 3.Bd2 a5 4.e4 d5 5.cxd5 exd5 6.e5 Ne7 7.Nc3 O-O 8.Bd3 
Bf5 9.Bxf5 Nxf5 10.Qg4 Qd7 11.Nf3 Ra6 12.O-O Rg6 13.Qf4 Nc6 14.Rfe1 Nfe7 
15.Ne2 Rg4 16.Qe3 Nf5 17.Qd3 Nh4 18.Nxh4 Rxh4 19.f4 f5 20.Rac1 Rh6 21.Rc2 
Bxd2 22.Rxd2 Nb4 23.Qa3 b6 24.Qb3 Rd8 25.a3 Na6 26.Ng3 Nb8 27.Qd3 Rf8 28.
Rde2 Qe6 29.Rc1 c6 30.Nf1 g5 31.Rf2 g4 32.Ne3 Rg6 33.Rfc2 Rg7 34.b4 axb4 
35.axb4 b5 36.Ra1 g3 37.hxg3 Rxg3 38.Ra7 Kh8 39.Rca2 Qg6 40.Rb7 Rg8 41.
Qxf5 Rxe3 42.Qxg6 hxg6 43.Raa7 Rd8 44.Kf2 Re4 45.Rh7+ Kg8 46.Rag7+ Kf8 47.
Rf7+ Kg8 48.Kf3 c5 49.dxc5 Nc6 50.Rfg7+ Kf8 51.Rxg6 Nd4+ 52.Kg4 Ne2 53.g3 
Re3 54.Kf5 Nxg3+ 55.Ke6 Re8+ 56.Kd7 Ne4 57.e6 1-0